Focus on Advanced English C.A.E.: For the Revised Exam

Bibliographische Detailangaben
1. Verfasser: O'Connell S. Sue
Weitere Verfasser: Foley M. Mark, Whitehead R. Russell
Sprache:Englisch
Veröffentlicht: Edinburgh, Longman, 2000
Ausgabe:Revised and Updated
Schlagworte:
Format: Mixed Materials
KOHA link:https://koha.lib.tpu.ru/cgi-bin/koha/opac-detail.pl?biblionumber=143843

MARC

LEADER 00000nmm0a2200000 4500
001 143843
005 20231031143359.0
010 |a 0582325692 
035 |a (RuTPU)RU\TPU\book\155887 
035 |a RU\TPU\book\43685 
090 |a 143843 
100 |a 20080924d2000 m y0engy50 ba 
101 0 |a eng 
102 |a GB 
105 |a a j 000zy 
200 1 |a Focus on Advanced English C.A.E.  |e For the Revised Exam  |f S. O'Connell, M. Foley, R. Whitehead 
205 |a Revised and Updated 
210 |a Edinburgh  |c Longman  |d 2000 
215 |a 240 p.  |c il. 
610 1 |a английский язык 
610 1 |a учебные пособия 
610 1 |a лексика 
610 1 |a грамматика 
610 1 |a разговорная речь 
610 1 |a упражнения 
686 |a Ш143.21-923  |v LBC/SL-A  |2 rubbk 
700 1 |a O'Connell  |b S.  |g Sue 
701 1 |a Foley  |b M.  |g Mark 
701 1 |a Whitehead  |b R.  |g Russell 
801 1 |a RU  |b 63413507  |c 20020903  |g PSBO 
801 2 |a RU  |b 63413507  |c 20231017  |g PSBO 
942 |c MX